[Event "Mlada Boleslav Region-ch U12"]
[Site "Mlada Boleslav"]
[Date "2017.06.25"]
[Round "5"]
[White "Karpecki, Jiri"]
[Black "Beaufort, Oliver"]
[Result "1-0"]
[WhiteElo "1021"]
[BlackElo "1100"]
[PlyCount "95"]
[EventDate "2017.06.24"]
[EventType "swiss"]
[EventRounds "7"]
[EventCountry "CZE"]
[SourceTitle "CBM 179 Extra"]
[Source "ChessBase"]
[SourceDate "2017.08.23"]
[SourceVersion "1"]
[SourceVersionDate "2017.08.23"]
[SourceQuality "1"]

1. d4 Nc6 2. Nf3 d5 3. Nc3 Nf6 4. Bg5 h6 5. Bxf6 gxf6 6. e3 e6 7. Bd3 Bb4 8. a3 Bxc3+ 9. bxc3 e5 10. Bb5 e4 11. Nd2 Bd7 12. c4 a6 13. Bxc6 Bxc6 14. cxd5 Bxd5 15. c4 Bc6 16. d5 Bd7 17. Nxe4 Bf5 18. Qc2 Rg8 19. g3 Qe7 20. Nd6+ Qxd6 21. Qxf5 Rg5 22. Qh3 Qe5 23. 0-0 Rh5 24. Qg4 Rg5 25. Qh3 Rh5 26. Qg2 0-0-0 27. Rfe1 Qc3 28. Qf3 Qe5 29. Qg4+ Kb8 30. f4 Qf5 31. Qxf5 Rxf5 32. g4 Rxf4 33. exf4 Rg8 34. Kh1 Rxg4 35. Re8+ Ka7 36. c5 c6 37. Rd1 Rxf4 38. dxc6 Rc4 39. cxb7 Kxb7 40. Rd7+ Kc6 41. Rd6+ Kc7 42. Re7+ Kc8 43. c6 h5 44. c7 h4 45. Rd8+ Kb7 46. c8Q+ Kb6 47. Qxc4 Ka5 48. Qb4# 1-0